000 00560 a2200181 4500
999 _c4639
_d4639
020 _a1779220359
050 0 0 _aPR9408 AND 2004
100 1 _aAndreas, Neshani,
_d1964-
_eauthor
245 1 4 _aThe purple violet of Oshaantu /
_cNeshani Andreas.
264 _aHarare:
_bWeaver Press,
_c2004.
300 _a150 p. ;
500 _aNovel
650 _aWomen -- Namibia -- Social conditions -- Fiction
650 _aNamibia -- Rural conditions -- Fiction
651 _aNamibia
942 _2lcc
_cBK
_h9408
_iAND
_kPR